Laddar...

Meherunisa Parvez ki kahaniyon mein nari ke vividh rup/

Bibliografiska uppgifter
Huvudupphovsman: Vidya, C
Materialtyp: Printed Book
Språk:English
Publicerad: Thiruvananthapuram: Govt. College for Women, University of Kerala, 2016
LEADER 00485nam a22001217a 4500
008 180320b xxu||||| |||| 00| 0 eng d
999 |c 188137  |d 188137 
084 |2 cc  |a O152,31NPA6:g(Y15) 
100 |a Vidya, C 
245 |a Meherunisa Parvez ki kahaniyon mein nari ke vividh rup/ 
260 |a Thiruvananthapuram:  |b Govt. College for Women, University of Kerala,  |c 2016 
942 |c REF 
952 |0 0  |1 0  |4 0  |6 O_15231NPA6GY15_Q6  |7 0  |8 RT  |9 328427  |a LIB  |b LIB  |d 2018-03-20  |o O152,31NPA6:g(Y15) Q6  |p G40195  |r 2018-03-20  |y REF